000 00367 a2200169 4500
001 188441
020 _a978-5-377-0682-4
040 _cMagnum
100 _aGarcia, Eliana
240 1 0 _aCiências em cena 7
_lpor
245 1 0 _aCiências em cena 7
300 _a360
362 0 _a2008
440 1 _aEscala Educacional
697 _aCIÊNCIAS PURAS
942 _cBK
999 _c188441
_d188441